|
|
|
|
| LEADER |
01142nam a22002777a 4500 |
| 001 |
6957 |
| 003 |
BD-DhAAL |
| 005 |
20190114165530.0 |
| 008 |
190108t1990 bg ab||| |||| 00| 0 eng d |
| 999 |
|
|
|c 40397
|d 40397
|
| 040 |
|
|
|a BD-DhAAL
|
| 082 |
|
|
|2 20
|a 304.632
|
| 100 |
|
|
|a Roy, Dilip Kumar
|9 29496
|
| 245 |
|
|
|a Socio-economic and demographic characteristics of population in rural Bangladesh :
|b a case study three unions of manikganj district /
|c Dilip Kumar Roy
|
| 260 |
|
|
|a Dhaka :
|b University of Dhaka
|c 1990
|
| 300 |
|
|
|a vi, 68 pages :
|b illustrations, maps ;
|c 29 cm.
|
| 504 |
|
|
|a Including bibliographical references (pages 62-64)
|
| 526 |
|
|
|a AAL
|
| 541 |
|
|
|a BRAC
|e 6957
|
| 650 |
|
|
|a Fertility, Human
|x Congresses.
|9 29565
|
| 650 |
|
|
|a Demography
|x Congresses.
|9 29566
|
| 650 |
|
|
|a Rural credit
|z Bangladesh
|9 29567
|
| 650 |
|
|
|a Manikganj District ( Betila, Jagir, Baliakhora )
|9 29568
|
| 852 |
|
|
|a Ayesha Abed Library
|c General Stacks
|
| 942 |
|
|
|2 ddc
|c BK
|
| 952 |
|
|
|0 0
|1 4
|2 ddc
|4 0
|6 304_632000000000000_ROY
|7 0
|9 64927
|a BRACUL
|b BRACUL
|c GEN
|d 2019-01-08
|e BRAC
|l 0
|o 304.632 ROY
|p 3010006957
|r 2019-01-08
|t 1
|w 2019-01-08
|y BK
|x Koha Inventory 2020
|